Malaysia's economic vision : issues & challenges

Bibliographic Details
Other Authors: Goh Kim Leng, Teh Hoe Yoke
Format: Book
Published: Petaling Jaya : Pelanduk Publications , 1992
Subjects:

MARC

LEADER 00000cam a2200000 7i4500
001 0000004670
002 000005038
005 20060215.0
020 |a 9679784258 
090 0 0 |a 330.959500162   |b MAL 
245 0 0 |a Malaysia's economic vision :   |b issues & challenges   |c edited by Teh Hoe Yoke A Goh Kim Leng 
260 |a Petaling Jaya :   |b Pelanduk Publications ,   |c 1992 
300 |a 440p. ;   |c 22cm. 
651 0 |a Malaysia   |x Economic conditions 
651 0 |a Malaysia   |x Economic policy 
700 0 |a Goh Kim Leng 
700 0 |a Teh Hoe Yoke 
999 |a 027971   |b BUKU   |c MALAYSIANA   |e PERPUSTAKAAN KOMUNITI PETALING JAYA 
999 |a 032707   |b BUKU   |c MALAYSIANA   |e PERPUSTAKAAN KOMUNITI PETALING JAYA 
999 |a 032708   |b BUKU   |c PINJAMAN   |e PERPUSTAKAAN KOMUNITI PETALING JAYA 
999 |a 037781   |b BUKU   |c PINJAMAN   |e PERPUSTAKAAN KOMUNITI PETALING JAYA